| 000 | 00462nam a2200157Ia 4500 | ||
|---|---|---|---|
| 008 | 160316s1997 xxu||||| |||| 00| 0 eng d | ||
| 082 |
_a423.000000 _bWEB |
||
| 100 | _aWebster | ||
| 245 | _aThe new international Webster's Pocket dictionary of the english language | ||
| 250 | _a | ||
| 260 |
_aEngland _bTrident Press International _c1997 |
||
| 300 |
_a668p _b _c |
||
| 365 | _bRs. 60 | ||
| 650 | _a1. Dictionary - English 2. English Dictionary | ||
| 700 |
_a _a |
||
| 999 |
_c16335 _d16335 |
||